| 000 | 01298nam a22003257a 4500 | ||
|---|---|---|---|
| 001 | 03593 | ||
| 003 | HDC | ||
| 007 | cr bn ---aaaaa | ||
| 008 | 210111t2016 flu||||| |||| 00| 0 eng | ||
| 020 | _a1-56670-563-0 | ||
| 040 | _aHDC | ||
| 100 |
_aSingh, Upendra _eauthor _93145 |
||
| 245 | 0 |
_aAgricultural System Models In Field Research And Technology Transfer. Chapter 6 : _bDecision Support Tools for Improved Resource Management and Agricultural Sustainability / by _cUpendra Singh, Paul W. Wilkens, Walter E. Baethgen, and T.S. Bontkes |
|
| 260 |
_a Boca Raton, Florida: _bCRC Press, _c2016 |
||
| 300 | _a27 pages | ||
| 336 |
_atext _2rdacontent |
||
| 337 |
_acomputer _2rdamedia |
||
| 338 |
_aonline resource _2rdacarrier |
||
| 500 | _aIncludes bibliographical references | ||
| 650 |
_aAgricultural Sustainability _93147 |
||
| 650 |
_aAgricultural System _93107 |
||
| 650 |
_aImproved Resource Management _93146 |
||
| 700 |
_aBaethgen, Walter E _eauthor _93149 |
||
| 700 |
_aBontkes, T.S. _eauthor _93150 |
||
| 700 |
_aWilkens, Paul W. _eauthor _93148 |
||
| 856 | _zRequest full-text at [email protected] | ||
| 942 | _2lcc | ||
| 942 | _cCHAP | ||
| 942 | _kEBCH 001625 | ||
| 999 |
_c929 _d929 |
||